[Event "FICGS W-ch st1 g01 email"]
[Site "FICGS email"]
[Date "2018.11.01"]
[Round "1"]
[White "Romig, James"]
[Black "Vollmer, Steve"]
[Result "0-1"]
[WhiteElo "2136"]
[BlackElo "1781"]
[PlyCount "38"]
[EventDate "2018.??.??"]
[EventType "tourn (corr)"]
[EventRounds "8"]
[SourceTitle "Corr 2022"]
[Source "ChessBase"]
[SourceDate "2021.10.24"]
[SourceVersion "1"]
[SourceVersionDate "2021.10.24"]
[SourceQuality "1"]

1. e4 e5 2. Nf3 Nc6 3. Bb5 a6 4. Ba4 Nf6 5. 0-0 d6 6. Re1 b5 7. Bb3 Be7 8. c3 0-0 9. h3 Na5 10. Bc2 Bb7 11. d4 exd4 12. cxd4 Nc4 13. b3 Nb6 14. Nbd2 Qd7 15. Bb2 c5 16. a4 Qc7 17. Rc1 Nbd7 18. Bd3 Qb6 19. Qc2 h6 0-1

[Event "FICGS rapid M 000098 email"]
[Site "FICGS email"]
[Date "2018.10.29"]
[Round "1"]
[White "Cleto, Dirceu Jr"]
[Black "Romig, James"]
[Result "1-0"]
[WhiteElo "2261"]
[BlackElo "2135"]
[PlyCount "59"]
[EventDate "2018.??.??"]
[EventType "tourn (rapid)"]
[EventRounds "6"]
[SourceTitle "Corr 2022"]
[Source "ChessBase"]
[SourceDate "2021.10.24"]
[SourceVersion "1"]
[SourceVersionDate "2021.10.24"]
[SourceQuality "1"]

1. d4 Nf6 2. c4 e6 3. g3 d5 4. Nf3 Be7 5. Bg2 0-0 6. 0-0 dxc4 7. Qc2 a6 8. a4 Bd7 9. Qxc4 Bc6 10. Bf4 a5 11. Nc3 Na6 12. Rac1 Nb4 13. Ne5 Bxg2 14. Kxg2 Nfd5 15. Nxd5 Nxd5 16. Bd2 f5 17. Qb5 Qc8 18. e3 c6 19. Qb3 Bd8 20. Nd3 Re8 21. Rfe1 Qc7 22. e4 fxe4 23. Rxe4 Qf7 24. Rce1 b6 25. Qc2 Rc8 26. Nf4 Bg5 27. Nxe6 Be3 28. Bxe3 Rxe6 29. Rxe6 Qxe6 30. Bd2 1-0

[Event "FICGS class C 000289 email"]
[Site "FICGS email"]
[Date "2018.10.26"]
[Round "1"]
[White "Romig, James"]
[Black "Pandey, Manoj"]
[Result "0-1"]
[WhiteElo "2135"]
[BlackElo "2179"]
[PlyCount "24"]
[EventDate "2018.??.??"]
[EventType "tourn (corr)"]
[EventRounds "1"]
[SourceTitle "Corr 2022"]
[Source "ChessBase"]
[SourceDate "2021.10.24"]
[SourceVersion "1"]
[SourceVersionDate "2021.10.24"]
[SourceQuality "1"]

1. e4 e5 2. Nf3 Nc6 3. Bb5 Nf6 4. 0-0 Nxe4 5. d4 Nd6 6. Bxc6 dxc6 7. dxe5 Nf5 8. Qxd8+ Kxd8 9. Nc3 Be7 10. Rd1+ Ke8 11. Bg5 Bxg5 12. Nxg5 h6 0-1

[Event "FICGS rapid A 000225 email"]
[Site "FICGS email"]
[Date "2018.10.17"]
[Round "1"]
[White "Ortiz, Jose"]
[Black "Romig, James"]
[Result "1-0"]
[WhiteElo "1900"]
[BlackElo "2135"]
[PlyCount "43"]
[EventDate "2018.??.??"]
[EventType "tourn (rapid)"]
[EventRounds "6"]
[SourceTitle "Corr 2022"]
[Source "ChessBase"]
[SourceDate "2021.10.24"]
[SourceVersion "1"]
[SourceVersionDate "2021.10.24"]
[SourceQuality "1"]

1. e4 c5 2. Bc4 e6 3. c3 d5 4. exd5 exd5 5. Bb3 Nf6 6. d3 Bd6 7. Ne2 Qc7 8. Nd2 0-0 9. 0-0 Bxh2+ 10. Kh1 Bd6 11. g3 Re8 12. Nf3 Bg4 13. Neg1 Re5 14. Bf4 Rh5+ 15. Kg2 Bxf4 16. Re1 Qd7 17. Kf1 Bh6 18. d4 Bh3+ 19. Nxh3 Qxh3+ 20. Ke2 Nc6 21. Qd3 c4 22. Bxc4 1-0

[Event "FICGS rapid A 000225 email"]
[Site "FICGS email"]
[Date "2018.10.17"]
[Round "1"]
[White "Romig, James"]
[Black "Shangareev, Mirzian"]
[Result "0-1"]
[WhiteElo "2135"]
[BlackElo "1900"]
[PlyCount "88"]
[EventDate "2018.??.??"]
[EventType "tourn (rapid)"]
[EventRounds "6"]
[SourceTitle "Corr 2022"]
[Source "ChessBase"]
[SourceDate "2021.10.24"]
[SourceVersion "1"]
[SourceVersionDate "2021.10.24"]
[SourceQuality "1"]

1. e4 e5 2. Nf3 Nf6 3. Nxe5 d6 4. Nf3 Nxe4 5. Qe2 Qe7 6. d3 Nf6 7. Nc3 Nc6 8. Bg5 Qxe2+ 9. Bxe2 Be7 10. Nb5 Kd8 11. 0-0 a6 12. Nc3 Re8 13. a3 h6 14. Be3 Ng4 15. Nd5 Bf8 16. Nd2 f5 17. Bf3 Nge5 18. Be2 Be6 19. Nb4 Ne7 20. d4 Ng4 21. c3 g5 22. g3 c6 23. Rae1 Bf7 24. Bd3 Kc7 25. Nc2 Rab8 26. Kg2 b5 27. h3 Nf6 28. f4 g4 29. Bf2 h5 30. Ne3 gxh3+ 31. Kxh3 Ng4 32. Bg1 Kd7 33. Bc2 Nh6 34. Nf3 Bg7 35. Bf2 Bf6 36. Re2 Be6 37. Rfe1 Rg8 38. b3 Bf7 39. c4 Rg7 40. Ng5 Bg8 41. c5 dxc5 42. dxc5 Kc7 43. Ng2 Nd5 44. Nh4 Rd8 0-1

[Event "FICGS unrated 00005 email"]
[Site "FICGS email"]
[Date "2018.09.27"]
[Round "1"]
[White "Barbosa, Edinardo"]
[Black "Romig, James"]
[Result "0-1"]
[WhiteElo "1828"]
[BlackElo "2135"]
[PlyCount "38"]
[EventDate "2018.??.??"]
[EventType "swiss (corr)"]
[EventRounds "1"]
[SourceTitle "Corr 2022"]
[Source "ChessBase"]
[SourceDate "2021.10.24"]
[SourceVersion "1"]
[SourceVersionDate "2021.10.24"]
[SourceQuality "1"]

1. e4 c5 2. Nf3 d6 3. d4 cxd4 4. Nxd4 Nf6 5. Nc3 a6 6. Bc4 e6 7. Bb3 Nbd7 8. 0-0 Nc5 9. Re1 Be7 10. Qf3 0-0 11. Be3 Qc7 12. Rad1 b5 13. Bd2 Rb8 14. e5 Bb7 15. Qg3 dxe5 16. Nf3 b4 17. Nb1 Nce4 18. Qxe5 Bd6 19. Qd4 Bc5 0-1

[Event "FICGS unrated 00005 email"]
[Site "FICGS email"]
[Date "2018.09.27"]
[Round "1"]
[White "Horoshilov, Andrey"]
[Black "Romig, James"]
[Result "0-1"]
[WhiteElo "1713"]
[BlackElo "2135"]
[PlyCount "60"]
[EventDate "2018.??.??"]
[EventType "swiss (corr)"]
[EventRounds "1"]
[SourceTitle "Corr 2022"]
[Source "ChessBase"]
[SourceDate "2021.10.24"]
[SourceVersion "1"]
[SourceVersionDate "2021.10.24"]
[SourceQuality "1"]

1. e4 c5 2. Nf3 d6 3. d4 cxd4 4. Nxd4 Nf6 5. Nc3 a6 6. Bd3 e5 7. Nf3 Be7 8. Bg5 Be6 9. Qe2 Qc7 10. 0-0 0-0 11. h3 h6 12. Bxf6 Bxf6 13. a4 Nd7 14. Rac1 Qb6 15. Rb1 Qb4 16. Nd2 Bg5 17. Nc4 Rac8 18. Nd5 Bxd5 19. exd5 Nf6 20. a5 e4 21. Bxe4 Nxe4 22. Qxe4 Rxc4 23. Qd3 Rd4 24. Qf3 Qxa5 25. c3 Rxd5 26. Ra1 Qb5 27. Rab1 Rd3 28. Qe2 Re8 29. Qc2 Rd2 30. Qf5 Qxf5 0-1

[Event "FICGS rapid M 000097 email"]
[Site "FICGS email"]
[Date "2018.09.27"]
[Round "1"]
[White "Romig, James"]
[Black "Farnik, Kym"]
[Result "1/2-1/2"]
[WhiteElo "2135"]
[BlackElo "2131"]
[PlyCount "51"]
[EventDate "2018.??.??"]
[EventType "tourn (rapid)"]
[EventRounds "6"]
[SourceTitle "Corr 2022"]
[Source "ChessBase"]
[SourceDate "2021.10.24"]
[SourceVersion "1"]
[SourceVersionDate "2021.10.24"]
[SourceQuality "1"]

1. e4 c5 2. Nf3 d6 3. d4 cxd4 4. Nxd4 Nf6 5. Nc3 a6 6. Be3 e5 7. Nb3 Be6 8. f3 Be7 9. Qd2 Nbd7 10. g4 0-0 11. 0-0-0 b5 12. g5 Nh5 13. Nd5 Bxd5 14. exd5 f6 15. gxf6 Bxf6 16. Na5 Qe8 17. Qb4 Bd8 18. Nb7 Rxf3 19. Nxd6 Qe7 20. Be2 Rxe3 21. Bxh5 Nf6 22. Bf7+ Kf8 23. Rhf1 Bc7 24. Be6 Bxd6 25. Rxf6+ gxf6 26. Qd2 1/2-1/2

[Event "FICGS no engines 00 email"]
[Site "FICGS email"]
[Date "2018.09.23"]
[Round "1"]
[White "Goldmund, Heike"]
[Black "Romig, James"]
[Result "0-1"]
[WhiteElo "1307"]
[BlackElo "2135"]
[PlyCount "84"]
[EventDate "2018.??.??"]
[EventType "swiss (corr)"]
[EventRounds "1"]
[SourceTitle "Corr 2022"]
[Source "ChessBase"]
[SourceDate "2021.10.24"]
[SourceVersion "1"]
[SourceVersionDate "2021.10.24"]
[SourceQuality "1"]

1. b4 e5 2. Bb2 Bxb4 3. Bxe5 Nf6 4. c4 0-0 5. e3 d5 6. cxd5 Nxd5 7. a3 Be7 8. Nf3 Bf5 9. Be2 c5 10. 0-0 Nc6 11. Bb2 Qb6 12. Qc1 Na5 13. Nc3 Nb3 14. Nxd5 Nxc1 15. Nxb6 Nxe2+ 16. Kh1 axb6 17. Rfe1 Bd3 18. Ne5 c4 19. Nxd3 cxd3 20. f4 Rfc8 21. g3 Rc2 22. Bc3 Nxc3 23. dxc3 Rxa3 24. Rab1 d2 25. Red1 Rcxc3 26. Rxd2 Rxe3 27. Rxb6 Reb3 28. Rb2 Rxb6 29. Rxb6 Ra7 30. Rb1 Bc5 31. Rc1 b6 32. Rd1 Kf8 33. Re1 Ra2 34. Rb1 Ke7 35. Re1+ Kd6 36. Rd1+ Kc6 37. Re1 b5 38. Re8 b4 39. Rc8+ Kb5 40. Rb8+ Kc4 41. Rb7 b3 42. Rxf7 b2 0-1

[Event "FICGS class C 000285 email"]
[Site "FICGS email"]
[Date "2018.09.09"]
[Round "1"]
[White "Christye, Agatha"]
[Black "Romig, James"]
[Result "0-1"]
[WhiteElo "1800"]
[BlackElo "2135"]
[PlyCount "76"]
[EventDate "2018.??.??"]
[EventType "tourn (corr)"]
[EventRounds "1"]
[SourceTitle "Corr 2022"]
[Source "ChessBase"]
[SourceDate "2021.10.24"]
[SourceVersion "1"]
[SourceVersionDate "2021.10.24"]
[SourceQuality "1"]

1. e4 c5 2. Nf3 d6 3. d4 cxd4 4. Nxd4 Nf6 5. f3 Nc6 6. c4 e5 7. Nb5 a6 8. N5a3 Be6 9. Nc3 Be7 10. Be3 0-0 11. Nc2 Rc8 12. b3 Qa5 13. Qd2 Bd8 14. Nb1 b5 15. b4 Qc7 16. cxb5 axb5 17. Bxb5 d5 18. exd5 Nxd5 19. 0-0 Nxe3 20. Qxe3 Qb8 21. Qe2 Bb6+ 22. Kh1 Nd4 23. Nxd4 Bxd4 24. Nd2 Bxa1 25. Rxa1 Rc2 26. a4 Rd8 27. Bd3 Rb2 28. Qe3 Qxb4 29. Ne4 Bc4 30. Bf1 Rb1 31. Rxb1 Qxb1 32. h3 Bxf1 33. Kh2 Qb2 34. Qg5 Rc8 35. Nf6+ Kh8 36. Nd7 h6 37. Qg4 Rc2 38. Nxe5 Rxg2+ 0-1

[Event "FICGS class A 000195 email"]
[Site "FICGS email"]
[Date "2018.09.09"]
[Round "1"]
[White "Duttagupta, Aniruddha"]
[Black "Romig, James"]
[Result "1-0"]
[WhiteElo "2140"]
[BlackElo "2135"]
[PlyCount "37"]
[EventDate "2018.??.??"]
[EventType "tourn (corr)"]
[EventRounds "6"]
[SourceTitle "Corr 2022"]
[Source "ChessBase"]
[SourceDate "2021.10.24"]
[SourceVersion "1"]
[SourceVersionDate "2021.10.24"]
[SourceQuality "1"]

1. d4 Nf6 2. Bg5 Ne4 3. Bf4 c5 4. f3 Qa5+ 5. c3 Nf6 6. d5 Qb6 7. Bc1 e6 8. e4 exd5 9. exd5 Bd6 10. Na3 0-0 11. Bd3 Re8+ 12. Ne2 Bf8 13. Nc4 Qd8 14. Ne3 d6 15. 0-0 Nbd7 16. Ng3 g6 17. f4 Bg7 18. a4 b6 19. f5 1-0

[Event "FICGS class A 000195 email"]
[Site "FICGS email"]
[Date "2018.09.09"]
[Round "1"]
[White "Gossmann, Ewald J"]
[Black "Romig, James"]
[Result "1/2-1/2"]
[WhiteElo "2103"]
[BlackElo "2135"]
[PlyCount "92"]
[EventDate "2018.??.??"]
[EventType "tourn (corr)"]
[EventRounds "6"]
[SourceTitle "Corr 2022"]
[Source "ChessBase"]
[SourceDate "2021.10.24"]
[SourceVersion "1"]
[SourceVersionDate "2021.10.24"]
[SourceQuality "1"]

1. e4 c5 2. Nf3 d6 3. d4 cxd4 4. Nxd4 Nf6 5. Nc3 a6 6. f3 e5 7. Nb3 Be6 8. Be3 Nbd7 9. Qd2 b5 10. 0-0-0 Be7 11. g4 h6 12. h4 Nb6 13. Qf2 Nfd7 14. Kb1 Qc7 15. Nd5 Bxd5 16. exd5 Nc4 17. Bc1 Qb6 18. Qe2 a5 19. Re1 a4 20. Nd2 Rc8 21. f4 Qd4 22. Ne4 b4 23. Rd1 Qb6 24. Rh3 exf4 25. Bxf4 Nde5 26. Nd2 0-0 27. Qe4 Na3+ 28. bxa3 bxa3+ 29. Nb3 axb3 30. Rxb3 Qg1 31. Be2 Qc5 32. Bxe5 dxe5 33. Bd3 g6 34. h5 Rb8 35. Qxe5 Bd6 36. Qf6 Be7 37. Qf4 Rxb3+ 38. cxb3 Qc3 39. Qd2 Qd4 40. Bc4 Qxg4 41. d6 Bg5 42. Qd4 Qxh5 43. Rf1 Qh4 44. Qe5 Kh7 45. Bxf7 Qh3 46. Bg8+ Kxg8 1/2-1/2

[Event "FICGS class A 000195 email"]
[Site "FICGS email"]
[Date "2018.09.09"]
[Round "1"]
[White "Romig, James"]
[Black "Casier, Wim"]
[Result "1/2-1/2"]
[WhiteElo "2135"]
[BlackElo "2262"]
[PlyCount "56"]
[EventDate "2018.??.??"]
[EventType "tourn (corr)"]
[EventRounds "6"]
[SourceTitle "Corr 2022"]
[Source "ChessBase"]
[SourceDate "2021.10.24"]
[SourceVersion "1"]
[SourceVersionDate "2021.10.24"]
[SourceQuality "1"]

1. e4 c5 2. Nf3 d6 3. d4 cxd4 4. Nxd4 Nf6 5. Nc3 a6 6. Be3 e5 7. Nb3 Be6 8. f3 h5 9. Qd2 Nbd7 10. Nd5 Bxd5 11. exd5 g6 12. Be2 Bg7 13. 0-0-0 b5 14. Kb1 Nb6 15. Na5 0-0 16. Nc6 Qc7 17. Bxb6 Qxb6 18. g4 Rfe8 19. g5 Nd7 20. Bd3 a5 21. c3 e4 22. fxe4 Ne5 23. Rhf1 Nxc6 24. dxc6 Qxc6 25. Bc2 Be5 26. Qe2 Ra7 27. Bb3 Kg7 28. Rf3 Ree7 1/2-1/2

[Event "FICGS class A 000195 email"]
[Site "FICGS email"]
[Date "2018.09.09"]
[Round "1"]
[White "Romig, James"]
[Black "Kopasov, Evgeny Aleksandrovi"]
[Result "1/2-1/2"]
[WhiteElo "2135"]
[BlackElo "2066"]
[PlyCount "57"]
[EventDate "2018.??.??"]
[EventType "tourn (corr)"]
[EventRounds "6"]
[SourceTitle "Corr 2022"]
[Source "ChessBase"]
[SourceDate "2021.10.24"]
[SourceVersion "1"]
[SourceVersionDate "2021.10.24"]
[SourceQuality "1"]

1. e4 c5 2. Nf3 Nc6 3. d4 cxd4 4. Nxd4 Nf6 5. Nc3 e5 6. Ndb5 d6 7. Bg5 a6 8. Na3 b5 9. Bxf6 gxf6 10. Nd5 f5 11. Bd3 Be6 12. c3 Bg7 13. 0-0 0-0 14. Nc2 Rc8 15. Nce3 fxe4 16. Bxe4 f5 17. Bc2 Ne7 18. Nxe7+ Qxe7 19. Bb3 Kh8 20. Bxe6 Qxe6 21. Qb3 Qh6 22. Nd5 Rc4 23. Qc2 Rh4 24. h3 f4 25. f3 Rg8 26. Ne7 Rf8 27. Nd5 Rg8 28. Ne7 Rf8 29. Nd5 1/2-1/2

[Event "FICGS theme 0002 email"]
[Site "FICGS email"]
[Date "2018.09.07"]
[Round "1"]
[White "Romig, James"]
[Black "Csoma, Robert"]
[Result "1-0"]
[WhiteElo "2135"]
[BlackElo "1655"]
[PlyCount "41"]
[EventDate "2018.??.??"]
[EventType "swiss (corr)"]
[EventRounds "1"]
[SourceTitle "Corr 2022"]
[Source "ChessBase"]
[SourceDate "2021.10.24"]
[SourceVersion "1"]
[SourceVersionDate "2021.10.24"]
[SourceQuality "1"]

1. d4 d5 2. g4 Bxg4 3. Bg2 Nf6 4. c4 g6 5. Nc3 c6 6. Qb3 dxc4 7. Qxb7 Nbd7 8. h3 Be6 9. Bxc6 Rc8 10. d5 Rxc6 11. dxc6 Nc5 12. Qxa7 Nce4 13. Bf4 Bg7 14. c7 Qc8 15. Nxe4 Nxe4 16. Qa4+ Kf8 17. 0-0-0 Nd6 18. Qc6 Bd7 19. Qb6 Ne8 20. Rxd7 Qxd7 21. Qb8 1-0

[Event "FICGS rapid M 000096 email"]
[Site "FICGS email"]
[Date "2018.08.15"]
[Round "1"]
[White "Romig, James"]
[Black "Duttagupta, Aniruddha"]
[Result "1/2-1/2"]
[WhiteElo "2141"]
[BlackElo "2119"]
[PlyCount "36"]
[EventDate "2018.??.??"]
[EventType "tourn (rapid)"]
[EventRounds "6"]
[SourceTitle "Corr 2022"]
[Source "ChessBase"]
[SourceDate "2021.10.24"]
[SourceVersion "1"]
[SourceVersionDate "2021.10.24"]
[SourceQuality "1"]

1. e4 e6 2. d4 d5 3. Nc3 Bb4 4. e5 c5 5. a3 Bxc3+ 6. bxc3 Ne7 7. Qg4 cxd4 8. Qxg7 Rg8 9. Qxh7 Qc7 10. Ne2 dxc3 11. f4 Nbc6 12. Qd3 d4 13. Ng3 Bd7 14. Ne4 0-0-0 15. Nd6+ Kb8 16. Rb1 b6 17. Nb5 Qb7 18. Nd6 Qc7 1/2-1/2

[Event "FICGS rapid M 000096 email"]
[Site "FICGS email"]
[Date "2018.08.15"]
[Round "1"]
[White "Romig, James"]
[Black "Kerr, Graham"]
[Result "0-1"]
[WhiteElo "2141"]
[BlackElo "2130"]
[PlyCount "120"]
[EventDate "2018.??.??"]
[EventType "tourn (rapid)"]
[EventRounds "6"]
[SourceTitle "Corr 2022"]
[Source "ChessBase"]
[SourceDate "2021.10.24"]
[SourceVersion "1"]
[SourceVersionDate "2021.10.24"]
[SourceQuality "1"]

1. e4 c5 2. Nf3 d6 3. d4 cxd4 4. Nxd4 Nf6 5. Nc3 a6 6. Bd3 e5 7. Nde2 Be7 8. 0-0 0-0 9. a4 Nc6 10. Nd5 Nxd5 11. exd5 Nb4 12. Bc4 a5 13. c3 Na6 14. Be3 Qc7 15. b3 Nc5 16. Kh1 Bd7 17. Bb5 b6 18. c4 Bg4 19. f3 Bh5 20. Bc6 Ra6 21. Nc3 f5 22. Nb5 Qd8 23. Qc2 f4 24. Bf2 g5 25. Rg1 Kh8 26. Qe2 Rf7 27. Ra2 Bf6 28. Re1 Rg7 29. g4 Bg6 30. Qf1 h5 31. Qh3 Rh7 32. Bxc5 bxc5 33. Ree2 hxg4 34. Qxg4 Bh5 35. Qh3 Rb6 36. Re1 Rb8 37. Rae2 Qe7 38. Rf1 g4 39. fxg4 Bg6 40. Qg2 Bg5 41. Rfe1 Kg7 42. Nxd6 Qxd6 43. Rxe5 f3 44. Qxf3 Rbh8 45. Kg1 Bf6 46. Qf4 Rxh2 47. g5 Rh1+ 48. Kf2 Rf8 49. gxf6+ Rxf6 50. Qxf6+ Qxf6+ 51. Kg2 Rh6 52. d6 Be4+ 53. Bxe4 Qxe5 54. Re2 Rh2+ 55. Kf3 Qh5+ 56. Kg3 Rxe2 57. Bf3 Re3 58. d7 Rxf3+ 59. Kg2 Qh3+ 60. Kg1 Rf1# 0-1

[Event "FICGS no engines 00 email"]
[Site "FICGS email"]
[Date "2018.08.13"]
[Round "1"]
[White "Romig, James"]
[Black "Marcel, Alexis"]
[Result "1-0"]
[WhiteElo "2141"]
[BlackElo "861"]
[PlyCount "57"]
[EventDate "2018.??.??"]
[EventType "swiss (corr)"]
[EventRounds "1"]
[SourceTitle "Corr 2022"]
[Source "ChessBase"]
[SourceDate "2021.10.24"]
[SourceVersion "1"]
[SourceVersionDate "2021.10.24"]
[SourceQuality "1"]

1. e4 g6 2. d4 Bg7 3. Nc3 e6 4. Nf3 Ne7 5. Bg5 0-0 6. Qd2 f6 7. Bh6 Nbc6 8. Bxg7 Kxg7 9. h4 h5 10. 0-0-0 b6 11. d5 exd5 12. exd5 Na5 13. Re1 d6 14. b4 Nb7 15. Ba6 Nf5 16. Qf4 Re8 17. g4 hxg4 18. Qxg4 Ne3 19. Qg1 Nf5 20. Rxe8 Qxe8 21. h5 g5 22. Nxg5 fxg5 23. Qxg5+ Kh7 24. Bxb7 Bxb7 25. Qxf5+ Kh8 26. Qf6+ Kh7 27. Rg1 Qd7 28. Rg6 Re8 29. Rh6+ 1-0

[Event "FICGS unrated 00005 email"]
[Site "FICGS email"]
[Date "2018.08.06"]
[Round "1"]
[White "Edwardson, Zachariah"]
[Black "Romig, James"]
[Result "1/2-1/2"]
[WhiteElo "1267"]
[BlackElo "2141"]
[PlyCount "49"]
[EventDate "2018.??.??"]
[EventType "swiss (corr)"]
[EventRounds "1"]
[SourceTitle "Corr 2022"]
[Source "ChessBase"]
[SourceDate "2021.10.24"]
[SourceVersion "1"]
[SourceVersionDate "2021.10.24"]
[SourceQuality "1"]

1. d4 Nf6 2. c4 e6 3. Nf3 b6 4. g3 Be7 5. Bg2 Bb7 6. 0-0 0-0 7. Nc3 Ne4 8. Nxe4 Bxe4 9. Ne1 d5 10. f3 Bg6 11. cxd5 exd5 12. Nd3 Nc6 13. e3 Bf6 14. f4 Be4 15. Bh3 Re8 16. Nf2 Ne7 17. Nxe4 dxe4 18. Bd2 c5 19. dxc5 bxc5 20. Rb1 Nd5 21. Qe2 Qb6 22. Bd7 Re7 23. Bb5 Rd8 24. a3 Rb7 25. Bc4 1/2-1/2

[Event "FICGS unrated 00005 email"]
[Site "FICGS email"]
[Date "2018.08.06"]
[Round "1"]
[White "Sharma, Vivek"]
[Black "Romig, James"]
[Result "0-1"]
[WhiteElo "1609"]
[BlackElo "2141"]
[PlyCount "76"]
[EventDate "2018.??.??"]
[EventType "swiss (corr)"]
[EventRounds "1"]
[SourceTitle "Corr 2022"]
[Source "ChessBase"]
[SourceDate "2021.10.24"]
[SourceVersion "1"]
[SourceVersionDate "2021.10.24"]
[SourceQuality "1"]

1. e4 c5 2. Bc4 e6 3. Nc3 Nf6 4. d3 d5 5. e5 Nfd7 6. Nf3 dxc4 7. dxc4 Nc6 8. Bf4 Be7 9. Ne4 Qa5+ 10. c3 0-0 11. 0-0 Qc7 12. Nfg5 Ncxe5 13. Qh5 h6 14. Nh3 f5 15. Nd2 Bd6 16. f3 Nf6 17. Qh4 g5 18. Nxg5 hxg5 19. Bxg5 Ng6 20. Qh6 Qg7 21. g4 Rd8 22. gxf5 Qxh6 23. Bxh6 exf5 24. Bg5 Bf4 25. Bxf4 Nxf4 26. Rad1 Be6 27. Kh1 Kf7 28. b3 Rd3 29. Rf2 Rad8 30. h4 Rxc3 31. Kh2 Rc2 32. Kg3 N6h5+ 33. Kh2 Rxa2 34. Kh1 Ne2 35. Kh2 Rdxd2 36. Rxd2 Rxd2 37. Kg2 Nef4+ 38. Kf1 Rd1# 0-1

[Event "FICGS rapid A 000221 email"]
[Site "FICGS email"]
[Date "2018.08.02"]
[Round "1"]
[White "Romig, James"]
[Black "Gossmann, Ewald J"]
[Result "1/2-1/2"]
[WhiteElo "2141"]
[BlackElo "1990"]
[PlyCount "66"]
[EventDate "2018.??.??"]
[EventType "tourn (rapid)"]
[EventRounds "6"]
[SourceTitle "Corr 2022"]
[Source "ChessBase"]
[SourceDate "2021.10.24"]
[SourceVersion "1"]
[SourceVersionDate "2021.10.24"]
[SourceQuality "1"]

1. e4 e5 2. Nf3 Nc6 3. Bb5 Nf6 4. 0-0 Nxe4 5. d4 Nd6 6. Bxc6 dxc6 7. dxe5 Nf5 8. Qxd8+ Kxd8 9. Nc3 Ke8 10. Rd1 Be7 11. b3 Nh4 12. Nxh4 Bxh4 13. Ne2 h5 14. Bb2 Bf5 15. c4 Rd8 16. Rd4 Be7 17. Rad1 Rxd4 18. Nxd4 Bh7 19. Bc3 Rg8 20. h3 a6 21. g4 hxg4 22. hxg4 c5 23. Nf5 Bxf5 24. gxf5 Rh8 25. Re1 Kd7 26. e6+ fxe6 27. fxe6+ Ke8 28. Bd2 Rh5 29. Re4 Bf6 30. Bf4 Rh4 31. f3 Ke7 32. Bxc7 Rxe4 33. fxe4 Kxe6 1/2-1/2

[Event "FICGS theme 0002 email"]
[Site "FICGS email"]
[Date "2018.07.28"]
[Round "1"]
[White "Aahlad, Yeturu"]
[Black "Romig, James"]
[Result "1-0"]
[WhiteElo "2053"]
[BlackElo "2141"]
[PlyCount "73"]
[EventDate "2018.??.??"]
[EventType "swiss (corr)"]
[EventRounds "1"]
[SourceTitle "Corr 2022"]
[Source "ChessBase"]
[SourceDate "2021.10.24"]
[SourceVersion "1"]
[SourceVersionDate "2021.10.24"]
[SourceQuality "1"]

1. d4 d5 2. g4 Bxg4 3. c4 e6 4. Bg2 dxc4 5. Bxb7 Nd7 6. Bxa8 Qxa8 7. f3 e5 8. dxe5 Bc5 9. Nc3 Ne7 10. Na4 Bb6 11. h4 0-0 12. Nxb6 axb6 13. Bg5 Ng6 14. Rh2 Be6 15. h5 Ngxe5 16. Bf4 c3 17. bxc3 Qa5 18. Qd4 c5 19. Qd2 Nc4 20. Qc1 Nf6 21. Bg5 Nd7 22. Kf2 f6 23. Bf4 b5 24. Qc2 Ndb6 25. Nh3 Nd5 26. Rg1 Kh8 27. Rhg2 Qxc3 28. Qxc3 Nxc3 29. Rxg7 Bxh3 30. Bh6 Re8 31. e4 Ne5 32. Ra7 Bc8 33. Bg7+ Kg8 34. Bxf6+ Ng4+ 35. Kf1 Nxe4 36. fxe4 Rxe4 37. Ra8 1-0

[Event "FICGS class A 000191 email"]
[Site "FICGS email"]
[Date "2018.07.26"]
[Round "1"]
[White "Romig, James"]
[Black "Farnik, Kym"]
[Result "1/2-1/2"]
[WhiteElo "2141"]
[BlackElo "2127"]
[PlyCount "60"]
[EventDate "2018.??.??"]
[EventType "tourn (corr)"]
[EventRounds "6"]
[SourceTitle "Corr 2022"]
[Source "ChessBase"]
[SourceDate "2021.10.24"]
[SourceVersion "1"]
[SourceVersionDate "2021.10.24"]
[SourceQuality "1"]

1. e4 c5 2. Nf3 d6 3. d4 cxd4 4. Nxd4 Nf6 5. Nc3 a6 6. Be3 e5 7. Nf3 Be7 8. Bc4 0-0 9. 0-0 Nc6 10. Qe2 Na5 11. Bd3 Be6 12. Na4 b5 13. Bb6 Qc8 14. Bxa5 bxa4 15. Rfe1 Qc6 16. b3 Nd7 17. Nd2 Bg5 18. Rad1 Rfb8 19. g3 Qc5 20. b4 Qc6 21. c4 Rc8 22. Nb1 Qb7 23. h4 Be7 24. Rc1 Bd8 25. Bxd8 Rxd8 26. a3 a5 27. b5 Nc5 28. Rc3 Rac8 29. Nd2 f6 30. Bc2 Qf7 1/2-1/2